Strategic outsourcing: exploiting the skills of third parties (Record no. 103661)

MARC details
000 -LEADER
fixed length control field 00914cam a2200253 4500
008 - FIXED-LENGTH DATA ELEMENTS--GENERAL INFORMATION
fixed length control field 040721n2002 000 0 eng u
020 ## - INTERNATIONAL STANDARD BOOK NUMBER
International Standard Book Number 0340850507
035 ## - SYSTEM CONTROL NUMBER
System control number (Sirsi) u126858
041 ## - LANGUAGE CODE
Language code of text/sound track or separate title eng.
050 ## - LIBRARY OF CONGRESS CALL NUMBER
Classification number 658.2
-- 18
100 ## - MAIN ENTRY--PERSONAL NAME
Personal name Benn, Ian
110 ## - MAIN ENTRY--CORPORATE NAME
Corporate name or jurisdiction name as entry element Management Consultancies Association
9 (RLIN) 516
245 ## - TITLE STATEMENT
Title Strategic outsourcing: exploiting the skills of third parties
260 ## - PUBLICATION, DISTRIBUTION, ETC.
Place of publication, distribution, etc. Abingdon
Name of publisher, distributor, etc. Hodder & Stoughton
Date of publication, distribution, etc. 2002
300 ## - PHYSICAL DESCRIPTION
Extent vi,185p. ; 25cm.
350 ## - PRICE (NR) (BK AM CF MU VM SE) [OBSOLETE]
Price 14.44
520 ## - SUMMARY, ETC.
Summary, etc. This guide aims to help steer managers through the pitfalls of outsourcing. It covers everything from the strategic drivers to the practicalities of implementation and ongoing management so that you can capitalize on the opportunities.
590 ## - LOCAL NOTE (RLIN)
Local note NB
650 ## - SUBJECT ADDED ENTRY--TOPICAL TERM
Topical term or geographic name entry element OUTSOURCING
650 ## - SUBJECT ADDED ENTRY--TOPICAL TERM
Topical term or geographic name entry element STRATEGIC MANAGEMENT
690 ## - LOCAL SUBJECT ADDED ENTRY--TOPICAL TERM (OCLC, RLIN)
Topical term or geographic name as entry element MANAGEMENT-BUSINESS MANAGEMENT
700 ## - ADDED ENTRY--PERSONAL NAME
Personal name Pearcy, Jill
942 ## - ADDED ENTRY ELEMENTS (KOHA)
Suppress in OPAC 0
Holdings
Withdrawn status Lost status Source of classification or shelving scheme Damaged status Not for loan Home library Current library Shelving location Date acquired Cost, normal purchase price Total Checkouts Full call number Barcode Date last seen Date last checked out Copy number Cost, replacement price Price effective from Koha item type
    Dewey Decimal Classification     London London Books 16/09/2004 11.89 17 658.2 BEN 30069482 06/08/2019 28/05/2009 1 11.89 06/08/2019 Book